1730 1588 1824 1002 1983 1031 1361 1320 1936 1740 1912 1326 1304 1417 1484 1394 1889 1281 1263 1585 1118 1948 1063 1456 1535 1002 1100 1442 1709 1981 1681 1407 1357 1281 1973 1866 1483 1571 1082 1546 1223 1063 1879 1728 1365 1781 1083 1614 1877 1061 1763 1940 1741 1794 1537 1440 1890 1083 1010 1356 1519 1420 1325 1043 1931 1050 1031 1940 1500 1595 1072 1798 1540 1730 1692 1925 1222 1814 1379 1749 1962 1002 1789 1765 1674 1325 1396 1709 1003 1486 1524 1908 1756 1292 1578 1445 1840 1532 1389 BCNSPRNW ULIB Ver.6.0+V

เปลี่ยนเป็นภาษาไทย

Change to English
 แสดงรายละเอียดบรรณานุกรม
  กลับหน้าหลัก

Brief Record : Get Marc (ISO 2709) : E-mail record : QR code < ปิดหน้าต่าง
LEADER : 00000nam 2200000uu 4500
001    13399129031
003     ULIB
008    020711s2567 th a 000 0 tha d
020    ^a9786166195378
060    ^aWY100^bว528ว
100    ^aวิจิตรา กุสุมภ์
245    ^aวิชาชีพการพยาบาลและบทนำสู่การพยาบาล (NURSING PROFESSION AND INTRODUCTION TO NURSING)
250    ^aพิมพ์ครั้งที่ 1
260    ^aนนทบุรี :^bพี.เค.เค. พริ้นท์ติ้ง,^c2567
300    ^a272 หน้า
650    ^aการพยาบาล
945    ^p320^l0^i011555
945    ^p320^l0^i011556
945    ^p320^l0^i011557
945    ^p320^l0^i011558
945    ^p320^l0^i011559
999    ^aประนอม เกษจรัล
รายการนี้ยังไม่มีแท็ก
คุณยังไม่ได้ล็อกอิน คุณสามารถมีกิจกรรมร่วมกับเว็บไซต์ได้ แต่ต้องล็อกอินก่อน ::
  ล็อกอิน

รายการสื่อสารสนเทศ

ลำดับที่ ประเภท เลขเรียก/บาร์โค้ด สถานที่ สถานะ
1. Book การพยาบาล
หนังสือสำรอง
สถานะ=หนังสือสำรอง
WY100 ว528ว ฉ.1 
  Barcode: 011555
ห้องสมุดวิทยาเขตสวรรค์ประชารักษ์
►หนังสือทั่วไป
บนชั้น
2. Book การพยาบาล
Book การพยาบาล
WY100 ว528ว ฉ.2 
  Barcode: 011556
ห้องสมุดวิทยาเขตสวรรค์ประชารักษ์
►หนังสือทั่วไป
บนชั้น
3. Book การพยาบาล
Book การพยาบาล
WY100 ว528ว ฉ.3 
  Barcode: 011557
ห้องสมุดวิทยาเขตสวรรค์ประชารักษ์
►หนังสือทั่วไป
บนชั้น
4. Book การพยาบาล
Book การพยาบาล
WY100 ว528ว ฉ.4 
  Barcode: 011558
ห้องสมุดวิทยาเขตสวรรค์ประชารักษ์
►หนังสือทั่วไป
บนชั้น
5. Book การพยาบาล
Book การพยาบาล
WY100 ว528ว ฉ.5 
  Barcode: 011559
ห้องสมุดวิทยาเขตสวรรค์ประชารักษ์
►หนังสือทั่วไป
บนชั้น

รายการใกล้เคียง
    ชื่อเรื่อง [วิชาชีพการพยาบาลและบทนำสู่การพยาบาล (NURSING PROFESSION AND INTRODUCTION TO NURSING)]

    ผู้แต่ง [วิจิตรา กุสุมภ์]

    หัวเรื่อง [การพยาบาล]

BibComment


ยังไม่เคยถูกคอมเมนท์

คอมเมนท์ทรัพยากรรายการนี้
  คอมเมนท์: วิชาชีพการพยาบาล..


 Copyright 2026. Bcnsprnw @Library